HZDS o voľbách: Trúfame si

Bibliographic Details
Main Author: Vražda, Daniel, 1965- (Author)
Format: Article
Language:Slovak
PhysicalDescription:Fotogr.
ISSN:1335-440X
Subjects:

MARC

LEADER 00000nab a2200000 a 4500
001 vtls000801090
003 SK-MaSNL
005 20260303224914.0
008 180206c2002 xo 0 slo
015 |a SNBRB2002/07-23602 
035 |a CLN000152745 
040 |a SNKBUCL  |b slo  |c SNKBUCL  |e AACR2 
041 0 |a slo 
044 |a xo  |c SK 
080 |a 329.7(437.6)HZDS:324  |2 UDC-MRF-SK2 
100 1 |a Vražda, Daniel,  |d 1965-  |4 aut  |9 170750 
214 1 0 |a Hnutie za demokratické Slovensko o voľbách: Trúfame si 
245 1 0 |a HZDS o voľbách: Trúfame si  |c Daniel Vražda 
246 1 3 |a Hnutie za demokratické Slovensko o voľbách: Trúfame si 
300 |b Fotogr. 
610 7 |a Hnutie za demokratické Slovensko  |b Republikové predstavenstvo  |x zasadanie  |y 30.6.2002  |2 snkbucl  |9 1261104 
655 7 |a články z novín a časopisov  |2 snkbucl  |9 267496 
773 0 |x 1335-440X  |t Sme  |g Roč. 10, č. 150[151] (1.7.2002), s. 5 
850 |a Slovenská národná knižnica v Martine 
852 |a SNK  |b KIS3GCP 
958 |a RBX 
999 |c 2254621  |d 2256551